Central Library OPAC University of Rajshahi

A manual of physical education activities / (Record no. 49864)

MARC details
000 -LEADER
fixed length control field 00888nam a2200253 a 4500
001 - CONTROL NUMBER
control field 49864
003 - CONTROL NUMBER IDENTIFIER
rucl marc code BD-RjUL
005 - DATE AND TIME OF LATEST TRANSACTION
control field 20211209054735.0
008 - FIXED-LENGTH DATA ELEMENTS--GENERAL INFORMATION
fixed length control field 160822r19681967paua b 000 0 eng
035 ## - SYSTEM CONTROL NUMBER
System control number (BD-RjUL)49984
040 ## - CATALOGING SOURCE
Original cataloging agency BD-RjUL
Transcribing agency DLC
Modifying agency BD-RjUL
Language of cataloging eng
041 ## - LANGUAGE CODE
Language code of text/sound track or separate title eng
082 00 - DEWEY DECIMAL CLASSIFICATION NUMBER
Classification number 371.73
Edition number 23
Author mark and year FAM 1968
100 1# - MAIN ENTRY--PERSONAL NAME
Personal name Fait, Hollis F.
9 (RLIN) 149451
245 12 - TITLE STATEMENT
Title A manual of physical education activities /
Statement of responsibility, etc. [by] Hollis F. Fait, John H. Shaw [and] Katherine L. Ley. Illus. by Robert J. Demarest and James J. Bonner.
250 ## - EDITION STATEMENT
Edition statement 3d ed.
260 ## - PUBLICATION, DISTRIBUTION, ETC. (IMPRINT)
Place of publication, distribution, etc. Philadelphia :
Name of publisher, distributor, etc. Saunders,
Date of publication, distribution, etc. c1967 [Reprinted 1968]
300 ## - PHYSICAL DESCRIPTION
Pagination xvi, 404 p. :
Illustrations ill. ;
Size 26 cm.
504 ## - BIBLIOGRAPHY, ETC. NOTE
Bibliography, etc Includes bibliographies.
650 #0 - SUBJECT ADDED ENTRY--TOPICAL TERM
Topical term or geographic name as entry element Physical education and training.
9 (RLIN) 149452
700 1# - ADDED ENTRY--PERSONAL NAME
Personal name Shaw, John Howard,
Relator term joint author.
Personal name Ley, Katherine L.,
Relator term joint author.
942 ## - ADDED ENTRY ELEMENTS (KOHA)
Source of classification or shelving scheme Dewey Decimal Classification
Koha item type Books
Holdings
Lost status Source of classification or shelving scheme Damaged status Not for loan Collection code Permanent Location Current Location Shelving location Date acquired Source of acquisition Cost, normal purchase price Total Checkouts Full call number Date last seen Copy number Koha item type
  Dewey Decimal Classification     Non-fiction Central Library, University of Rajshahi Central Library, University of Rajshahi   26/12/1969 Zeitlinger 47.00   371.73 FAM 1968 23/08/2016 C-2 Books
  Dewey Decimal Classification     Non-fiction Central Library, University of Rajshahi Central Library, University of Rajshahi   26/12/1969 Zeitlinger 47.00   371.73 FAM 1968 23/08/2016 C-3 Books
  Dewey Decimal Classification     Non-fiction Central Library, University of Rajshahi Central Library, University of Rajshahi   26/12/1969 Zeitlinger 47.00   371.73 FAM 1968 23/08/2016 C-4 Books
  Dewey Decimal Classification     Non-fiction Central Library, University of Rajshahi Central Library, University of Rajshahi   26/12/1969 Zeitlinger 47.00   371.73 FAM 1968 23/08/2016 C-5 Books
  Dewey Decimal Classification     Non-fiction Central Library, University of Rajshahi Central Library, University of Rajshahi   26/12/1969 Zeitlinger 47.00   371.73 FAM 1968 30/08/2016 C-6 Books